| 000 | 01413nam a2200349Ia 4500 | ||
|---|---|---|---|
| 001 | ebr10278491 | ||
| 003 | CaPaEBR | ||
| 006 | m u | ||
| 007 | cr cn||||||||| | ||
| 008 | 971215s1998 nyu sb 001 0 eng d | ||
| 010 | _z 97051415 | ||
| 020 | _z9780195115307 | ||
| 020 | _z0195115309 | ||
| 040 |
_aCaPaEBR _cCaPaEBR |
||
| 035 | _a(OCoLC)71823218 | ||
| 050 | 1 | 4 |
_aHV9950 _b.W56 1998eb |
| 100 | 1 |
_aWindlesham, David James George Hennessy, _cBaron, _d1932-2010. |
|
| 245 | 1 | 0 |
_aPolitics, punishment, and populism _h[electronic resource] / _cLord Windlesham. |
| 260 |
_aNew York : _bOxford University Press, _c1998. |
||
| 300 | _avi, 278 p. | ||
| 490 | 1 | _aStudies in crime and public policy | |
| 504 | _aIncludes bibliographical references (p. 229-265) and index. | ||
| 533 |
_aElectronic reproduction. _bPalo Alto, Calif. : _cebrary, _d2011. _nAvailable via World Wide Web. _nAccess may be limited to ebrary affiliated libraries. |
||
| 650 | 0 |
_aCriminal justice, Administration of _zUnited States. |
|
| 650 | 0 |
_aCrime prevention _zUnited States. |
|
| 650 | 0 |
_aGun control _zUnited States. |
|
| 650 | 0 |
_aPressure groups _zUnited States. |
|
| 655 | 7 |
_aElectronic books. _2local |
|
| 710 | 2 | _aebrary, Inc. | |
| 830 | 0 | _aStudies in crime and public policy. | |
| 856 | 4 | 0 |
_uhttp://site.ebrary.com/lib/rucke/Doc?id=10278491 _zAn electronic book accessible through the World Wide Web; click to view |
| 999 |
_c5002 _d5002 |
||